| 000 | 00633nam a2200169Ia 4500 | ||
|---|---|---|---|
| 008 | 090124s9999 xx 000 0 und d | ||
| 082 |
_b29861 _a710 |
||
| 100 | _aजायस्वाल जयनारायण | ||
| 245 | _a डोके दु:खी व्यथा आणि कथा | ||
| 250 | _a0 | ||
| 300 | _a42 | ||
| 600 | _aजायस्वाल जयनारायण | ||
| 630 | _a डोके दु:खी व्यथा आणि कथा | ||
| 700 | _aजायस्वाल जयनारायण | ||
| 730 | _a डोके दु:खी व्यथा आणि कथा | ||
| 942 | _cBOOK | ||
| 999 |
_c143343 _d143343 |
||